Premier League Teams 2010-11 - Statistics

General Stats
  • This quiz has been taken 178 times
  • The average score is 17 of 20
Answer Stats
Position Team % Correct
2 Chelsea
100%
3 Manchester City
100%
C Manchester United
100%
5 Tottenham Hotspur
99%
4 Arsenal
98%
6 Liverpool
97%
7 Everton
93%
R West Ham United
93%
9 Aston Villa
90%
12 Newcastle United
89%
10 Sunderland
82%
11 West Bromwich Albion
82%
17 Wolverhampton Wanderers
82%
8 Fulham
78%
13 Stoke City
78%
R Birmingham City
71%
15 Blackburn Rovers
70%
14 Bolton Wanderers
69%
16 Wigan Athletic
69%
R Blackpool
65%
No matching quizzes found
Score Distribution
Percent of People with Each Score
Percentile by Number Answered
Your Score History
You have not taken this quiz